Once Upon a Time in Hollywood Cast - Statistics

General Stats
  • This quiz has been taken 57 times
  • The average score is 7 of 19
Answer Stats
Character Actor % Correct
Cliff Booth Brad Pitt
100%
Rick Dalton Leonardo DiCaprio
100%
Sharon Tate Margot Robbie
89%
Marvin Schwarz Al Pacino
66%
Pussycat Margaret Qualley
49%
Tex Watson Austin Butler
40%
George Spahn Bruce Dern
30%
Lynette Frome Dakota Fanning
30%
Randy Miller Kurt Russell
26%
Steve McQueen Damian Lewis
23%
Bruce Lee Mike Moh
23%
Sheriff Hackett Michael Madsen
19%
Jay Sebring Emile Hirsch
17%
Wayne Maunder Luke Perry
17%
Flower Child Maya Hawke
17%
Janet Miller Zoe Bell
13%
Froggie Harley Quinn Smith
2%
Roman Polanski Rafal Zawierucha
2%
Charles Manson Damon Herriman
0%
No matching quizzes found
Score Distribution
Percent of People with Each Score
Percentile by Number Answered
Your Score History
You have not taken this quiz